Statistiques concernant Quiz sur le Japon

Cliquez ici pour prendre le quiz!

Statistiques générales

  • Ce quiz a été pris 15 773 fois
  • Le résultat moyen est 15 sur 24

Statistiques - réponses

QuestionRéponse% Correct
CapitaleTokyo
100%
Surnom du JaponLe pays du
{Soleil} {Levant}
96%
Nom donné aux bandes dessinées japonaisesManga
91%
Devise monétaireYen
89%
Ancienne capitale du Japon impérial,
surtout connue pour ses temples
Kyoto
87%
Boisson alcoolisé à base de riz fermentéSaké
82%
Point culminantMont Fuji
80%
Noble guerrier du Japon féodalSamouraï
74%
Religions traditionnellesBouddhisme
69%
Robe traditionnelle réservée
aux grandes occasions
Kimono
67%
La ville de Kobe est connue pour ce metsViande de bœuf
66%
Sport le plus regardéBaseball
64%
Deuxième métropole la plus peupléeOsaka
63%
Sport national officielSumo
56%
Cerisier célèbre originaire du JaponSakura
51%
Hôtesse et artiste traditionnelle au JaponGeisha
50%
Nom japonais du JaponNihon
49%
Religions traditionnellesShintoïsme
44%
Îles principalesHokkaido
42%
Ancien nom de cette villeEdo
35%
Îles principalesHonshu
34%
Préfecture la plus au sud,
où le karaté a été inventé
Okinawa
32%
Îles principalesKyushu
27%
Îles principalesShikoku
19%

Distribution des résultats

Percentile par nombre de réponses

% des personnes avec chaque résultat

Votre développement - résultats

Vous n’avez pas pris ce quiz